[Event "RUS-ch Girls U21 2021"]
[Site "Loo"]
[Date "2021.04.24"]
[Round "4.1"]
[White "Afonasieva, Anna"]
[Black "Sakorenko, Adriana"]
[Result "1-0"]
[WhiteElo "2270"]
[BlackElo "2216"]
[Annotator "NA"]
[PlyCount "59"]
[EventDate "2021.04.21"]
[EventType "swiss"]
[EventCountry "RUS"]
[SourceTitle "playchess.com"]
[Source "ChessBase"]
[SourceQuality "1"]
[TimeControl "40/5400+30:1800+30"]

1. d4 {[%emt 0:00:00]} d5 {[%emt 0:00:00]} 2. Bf4 {[%emt 0:00:00]} e6 {[%emt 0:00:00]} 3. e3 {[%emt 0:00:00]} Bd6 {[%emt 0:00:00]} 4. Bg3 {[%emt 0:00:00]} Nf6 {[%emt 0:00:41]} 5. Nd2 {[%emt 0:00:24]} c5 {[%emt 0:00:20]} 6. c3 {[%emt 0:00:07]} Qc7 {[%emt 0:00:43]} 7. dxc5 {[%emt 0:00:33]} Bxg3 {[%emt 0:02:47]} 8. hxg3 {[%emt 0:00:08]} Qxc5 {[%emt 0:00:06]} 9. Ngf3 {[%emt 0:00:38]} Nc6 {[%emt 0:00:37]} 10. Bd3 {[%emt 0:01:11]} Bd7 {[%emt 0:07:26]} 11. Qe2 {[%emt 0:01:40]} h6 {[%emt 0:02:30]} 12. Rd1 {[%emt 0:02:11]} Qb6 {[%emt 0:06:11]} 13. b4 {[%emt 0:05:04]} a6 {[%emt 0:04:56]} 14. e4 {[%emt 0:03:50]} dxe4 {[%emt 0:03:13]} 15. Nxe4 {[%emt 0:00:31]} Nxe4 {[%emt 0:00:09]} 16. Bxe4 {[%emt 0:00:26]} Qc7 {[%emt 0:04:17]} 17. O-O {[%emt 0:02:12]} Rd8 {[%emt 0:04:09]} 18. Qe3 {[%emt 0:06:01]} O-O {[%emt 0:04:29]} 19. g4 {[%emt 0:01:22]} f5 {[%emt 0:08:44]} 20. Bxc6 {[%emt 0:12:53]} bxc6 {[%emt 0:00:05]} 21. Qe5 {[%emt 0:02:33]} Qb6 {[%emt 0:05:07]} 22. g5 {[%emt 0:06:21]} Bc8 {[%emt 0:03:51]} 23. gxh6 {[%emt 0:12:05]} gxh6 {[%emt 0:00:21]} 24. Rd4 {[%emt 0:00:20]} Kh7 {[%emt 0:08:20]} 25. Rh4 {[%emt 0:04:37]} Rd5 {[%emt 0:01:44]} 26. Qg3 {[%emt 0:04:20]} Rf6 {[%emt 0:02:41]} 27. Ng5+ {[%emt 0:06:02]} Kh8 {[%emt 0:00:24]} 28. c4 {[%emt 0:00:32]} f4 {[%emt 0:04:36]} 29. Nf7+ {[%emt 0:01:39]} Kh7 {[%emt 0:03:14]} 30. Qh3 {[%emt 0:02:35]} 1-0

[Event "RUS-ch Girls U21 2021"]
[Site "Loo"]
[Date "2021.04.24"]
[Round "4.2"]
[White "Goltseva, Ekaterina"]
[Black "Nosacheva, Mariya"]
[Result "1/2-1/2"]
[WhiteElo "2269"]
[BlackElo "2199"]
[Annotator "NA"]
[PlyCount "49"]
[EventDate "2021.04.21"]
[EventType "swiss"]
[EventCountry "RUS"]
[SourceTitle "playchess.com"]
[Source "ChessBase"]
[SourceQuality "1"]
[TimeControl "40/5400+30:1800+30"]

1. d4 {[%emt 0:00:00]} Nf6 {[%emt 0:00:00]} 2. c4 {[%emt 0:00:00]} g6 {[%emt 0:00:00]} 3. Nc3 {[%emt 0:00:00]} Bg7 {[%emt 0:00:00]} 4. e4 {[%emt 0:00:02]} d6 {[%emt 0:00:00]} 5. Nf3 {[%emt 0:00:04]} O-O {[%emt 0:00:03]} 6. Be2 {[%emt 0:00:06]} Na6 {[%emt 0:00:08]} 7. O-O {[%emt 0:00:20]} e5 {[%emt 0:00:45]} 8. Re1 {[%emt 0:00:45]} exd4 {[%emt 0:04:42]} 9. Nxd4 {[%emt 0:00:47]} Nc5 {[%emt 0:00:08]} 10. Bf1 {[%emt 0:07:45]} a5 {[%emt 0:00:47]} 11. Ndb5 {[%emt 0:05:20]} Bd7 {[%emt 0:09:38]} 12. f3 {[%emt 0:09:16]} Nh5 {[%emt 0:07:53]} 13. g4 {[%emt 0:11:11]} Bxb5 {[%emt 0:04:09]} 14. cxb5 {[%emt 0:07:13]} Nf6 {[%emt 0:00:21]} 15. Be3 {[%emt 0:05:20]} Nfd7 {[%emt 0:03:37]} 16. Qd2 {[%emt 0:20:24]} Ne5 {[%emt 0:02:37]} 17. Be2 {[%emt 0:04:30]} Re8 {[%emt 0:00:32]} 18. Rad1 {[%emt 0:01:51]} Ned7 {[%emt 0:15:10]} 19. Nd5 {[%emt 0:02:38]} c6 {[%emt 0:03:14]} 20. Nc3 {[%emt 0:01:32]} Be5 {[%emt 0:00:09]} 21. Bf1 {[%emt 0:04:20]} Qf6 {[%emt 0:06:22]} 22. Bg2 {[%emt 0:02:56]} Qh4 {[%emt 0:00:13]} 23. Bf1 {[%emt 0:04:09]} Qf6 {[%emt 0:00:16]} 24. Bg2 {[%emt 0:01:15]} Qh4 {[%emt 0:00:06]} 25. Bf1 {[%emt 0:00:04]} 1/2-1/2

[Event "RUS-ch Girls U21 2021"]
[Site "Loo"]
[Date "2021.04.24"]
[Round "4.3"]
[White "Nasyrova, Ekaterina"]
[Black "Shvedova, Alexandra"]
[Result "1-0"]
[WhiteElo "2273"]
[BlackElo "2000"]
[Annotator "NA"]
[PlyCount "109"]
[EventDate "2021.04.21"]
[EventType "swiss"]
[EventCountry "RUS"]
[SourceTitle "playchess.com"]
[Source "ChessBase"]
[SourceQuality "1"]
[TimeControl "40/5400+30:1800+30"]

1. d4 {[%emt 0:00:00]} d5 {[%emt 0:00:00]} 2. c4 {[%emt 0:00:00]} e6 {[%emt 0:00:00]} 3. Nc3 {[%emt 0:00:00]} Be7 {[%emt 0:00:00]} 4. cxd5 exd5 {[%emt 0:00:00]} 5. Bf4 {[%emt 0:00:17]} Nf6 {[%emt 0:00:09]} 6. e3 {[%emt 0:00:14]} O-O {[%emt 0:00:09]} 7. Bd3 {[%emt 0:00:22]} c5 {[%emt 0:00:46]} 8. Nge2 {[%emt 0:00:33]} Nc6 {[%emt 0:00:36]} 9. O-O {[%emt 0:00:32]} h6 {[%emt 0:11:16]} 10. dxc5 {[%emt 0:01:57]} Bxc5 {[%emt 0:00:08]} 11. Rc1 {[%emt 0:00:21]} Bd6 {[%emt 0:18:56]} 12. Bxd6 {[%emt 0:11:43]} Qxd6 {[%emt 0:00:06]} 13. Nb5 {[%emt 0:00:25]} Qe7 {[%emt 0:00:15]} 14. Nbd4 {[%emt 0:04:11]} Nxd4 {[%emt 0:10:06]} 15. Nxd4 {[%emt 0:00:23]} Bg4 {[%emt 0:00:16]} 16. Qa4 {[%emt 0:01:45]} Bd7 {[%emt 0:19:16]} 17. Qb3 {[%emt 0:02:08]} Qd6 {[%emt 0:02:15]} 18. h3 {[%emt 0:13:19]} b6 {[%emt 0:03:35]} 19. Rc2 {[%emt 0:09:43]} Rfe8 {[%emt 0:04:40]} 20. Nb5 {[%emt 0:15:22]} Bxb5 {[%emt 0:00:54]} 21. Bxb5 {[%emt 0:00:09]} Rec8 {[%emt 0:00:17]} 22. Rd2 {[%emt 0:02:35]} Rc5 {[%emt 0:03:49]} 23. Rfd1 {[%emt 0:02:02]} Rac8 {[%emt 0:01:53]} 24. Rd4 {[%emt 0:13:09]} Qc7 {[%emt 0:05:05]} 25. Ba6 {[%emt 0:07:21]} Rd8 {[%emt 0:00:54]} 26. Be2 {[%emt 0:00:13]} Rc1 {[%emt 0:01:37]} 27. Bf3 {[%emt 0:00:39]} Rd7 {[%emt 0:00:53]} 28. g3 {[%emt 0:01:24]} Rxd1+ {[%emt 0:00:49]} 29. Qxd1 {[%emt 0:00:09]} Qc6 {[%emt 0:00:15]} 30. h4 {[%emt 0:02:18]} Qe6 {[%emt 0:02:18]} 31. Kg2 {[%emt 0:00:44]} Qe5 {[%emt 0:01:10]} 32. a4 {[%emt 0:03:29]} h5 {[%emt 0:01:54]} 33. b4 {[%emt 0:01:02]} g6 {[%emt 0:01:12]} 34. Qd3 {[%emt 0:01:19]} Kg7 {[%emt 0:01:38]} 35. Qb5 {[%emt 0:00:41]} Qe6 {[%emt 0:00:22]} 36. a5 bxa5 {[%emt 0:01:56]} 37. bxa5 {[%emt 0:01:46]} Rd6 {[%emt 0:05:24]} 38. Qc5 {[%emt 0:01:23]} Rd7 {[%emt 0:00:31]} 39. Qc3 {[%emt 0:03:09]} Qe8 {[%emt 0:01:30]} 40. Qd2 {[%emt 0:00:00]} Qe6 {[%emt 0:00:00]} 41. Qd3 {[%emt 0:04:58]} Qc6 {[%emt 0:03:13]} 42. Rb4 {[%emt 0:03:20]} Qc5 {[%emt 0:08:52]} 43. Rb5 {[%emt 0:02:40]} Qd6 {[%emt 0:00:20]} 44. Qd4 {[%emt 0:00:39]} Kh7 {[%emt 0:02:03]} 45. Rc5 {[%emt 0:01:04]} Rd8 {[%emt 0:01:36]} 46. Rc3 {[%emt 0:00:58]} Qe7 {[%emt 0:01:34]} 47. Rb3 {[%emt 0:01:57]} Rd7 {[%emt 0:09:25]} 48. Rb8 {[%emt 0:02:32]} Kg7 {[%emt 0:01:23]} 49. a6 {[%emt 0:02:41]} Rd6 {[%emt 0:05:27]} 50. Rb7 {[%emt 0:05:32]} Qe6 {[%emt 0:00:11]} 51. Be2 {[%emt 0:00:58]} Rd7 {[%emt 0:02:19]} 52. Qxa7 {[%emt 0:01:59]} Qe4+ {[%emt 0:01:09]} 53. Bf3 {[%emt 0:00:14]} Qe6 {[%emt 0:00:14]} 54. Rxd7 {[%emt 0:00:42]} Nxd7 {[%emt 0:00:05]} 55. Qd4+ {[%emt 0:00:48]} 1-0

[Event "RUS-ch Girls U21 2021"]
[Site "Loo"]
[Date "2021.04.24"]
[Round "4.4"]
[White "Shafigullina, Zarina"]
[Black "Serditykh, Olesya"]
[Result "1-0"]
[WhiteElo "2293"]
[BlackElo "1961"]
[Annotator "NA"]
[PlyCount "113"]
[EventDate "2021.04.21"]
[EventType "swiss"]
[EventCountry "RUS"]
[SourceTitle "playchess.com"]
[Source "ChessBase"]
[SourceQuality "1"]
[TimeControl "40/5400+30:1800+30"]

1. d4 {[%emt 0:00:00]} d5 {[%emt 0:00:00]} 2. c4 {[%emt 0:00:00]} e6 {[%emt 0:00:00]} 3. Nf3 {[%emt 0:00:00]} Nf6 {[%emt 0:00:00]} 4. g3 {[%emt 0:00:00]} Be7 {[%emt 0:00:00]} 5. Bg2 {[%emt 0:00:00]} O-O {[%emt 0:00:07]} 6. Qc2 {[%emt 0:00:01]} c6 {[%emt 0:00:43]} 7. O-O {[%emt 0:00:10]} Nbd7 {[%emt 0:00:39]} 8. Nbd2 {[%emt 0:00:34]} b6 {[%emt 0:00:32]} 9. e4 {[%emt 0:00:20]} dxe4 {[%emt 0:03:53]} 10. Nxe4 {[%emt 0:00:05]} Bb7 {[%emt 0:00:12]} 11. Rd1 {[%emt 0:00:31]} Qc8 {[%emt 0:02:08]} 12. Nc3 {[%emt 0:12:35]} Rd8 {[%emt 0:05:31]} 13. Bf4 {[%emt 0:05:08]} Nf8 {[%emt 0:04:26]} 14. Ne5 {[%emt 0:03:21]} Ng6 {[%emt 0:01:24]} 15. Nxg6 {[%emt 0:02:34]} hxg6 {[%emt 0:00:10]} 16. Bh3 {[%emt 0:02:03]} Rd7 {[%emt 0:09:02]} 17. Rd2 {[%emt 0:11:18]} Qf8 {[%emt 0:13:12]} 18. a3 {[%emt 0:03:26]} Rad8 {[%emt 0:03:03]} 19. Rad1 {[%emt 0:02:06]} Ne8 {[%emt 0:09:03]} 20. Qa4 {[%emt 0:09:10]} Ba8 {[%emt 0:03:00]} 21. Bg2 {[%emt 0:05:00]} Bf6 {[%emt 0:03:48]} 22. Bxc6 {[%emt 0:14:14]} Bxc6 {[%emt 0:00:13]} 23. Qxc6 {[%emt 0:00:04]} Rxd4 {[%emt 0:09:10]} 24. Nb5 {[%emt 0:04:12]} Rxd2 {[%emt 0:05:04]} 25. Rxd2 {[%emt 0:00:06]} Rxd2 {[%emt 0:00:42]} 26. Bxd2 {[%emt 0:00:05]} Qe7 {[%emt 0:00:15]} 27. Bb4 {[%emt 0:15:53]} Qd8 {[%emt 0:00:10]} 28. Nxa7 {[%emt 0:01:53]} Bxb2 {[%emt 0:00:49]} 29. Qc8 {[%emt 0:03:03]} Bf6 {[%emt 0:03:37]} 30. Qxd8 {[%emt 0:01:00]} Bxd8 {[%emt 0:00:12]} 31. Nc6 {[%emt 0:00:09]} Bf6 {[%emt 0:02:08]} 32. c5 {[%emt 0:02:18]} bxc5 {[%emt 0:00:37]} 33. Bxc5 {[%emt 0:00:03]} Nc7 {[%emt 0:00:27]} 34. Kf1 {[%emt 0:00:58]} Bc3 {[%emt 0:01:42]} 35. Ke2 {[%emt 0:00:45]} f6 {[%emt 0:00:42]} 36. Kd3 {[%emt 0:01:07]} Be1 {[%emt 0:00:13]} 37. Ke2 {[%emt 0:00:10]} Bc3 {[%emt 0:00:08]} 38. Kd3 {[%emt 0:00:45]} Be1 {[%emt 0:00:06]} 39. a4 {[%emt 0:00:09]} Kf7 {[%emt 0:00:24]} 40. Ke2 {[%emt 0:00:00]} Bc3 41. Kd3 {[%emt 0:23:36]} Be1 {[%emt 0:00:24]} 42. f4 {[%emt 0:00:32]} Ke8 {[%emt 0:01:48]} 43. Nd4 {[%emt 0:02:32]} Kd7 {[%emt 0:01:31]} 44. Nf3 {[%emt 0:01:06]} Ba5 {[%emt 0:00:08]} 45. Nh4 {[%emt 0:00:13]} Na6 {[%emt 0:02:26]} 46. Bf8 {[%emt 0:01:23]} Bb6 {[%emt 0:01:55]} 47. Kc4 {[%emt 0:00:37]} Kc6 {[%emt 0:00:25]} 48. Nxg6 {[%emt 0:01:28]} Bg1 {[%emt 0:00:14]} 49. h3 {[%emt 0:00:19]} Nc5 {[%emt 0:00:41]} 50. Bxg7 {[%emt 0:01:23]} Nxa4 {[%emt 0:00:35]} 51. h4 {[%emt 0:01:11]} Nb6+ {[%emt 0:00:49]} 52. Kd3 {[%emt 0:00:17]} Nc8 {[%emt 0:01:18]} 53. h5 {[%emt 0:00:53]} Nd6 {[%emt 0:00:08]} 54. h6 {[%emt 0:00:11]} Nf7 {[%emt 0:00:06]} 55. h7 {[%emt 0:00:28]} Bh2 {[%emt 0:01:30]} 56. Bxf6 {[%emt 0:00:28]} Bxg3 {[%emt 0:00:41]} 57. Ne5+ {[%emt 0:00:07]} 1-0

[Event "RUS-ch Girls U21 2021"]
[Site "Loo"]
[Date "2021.04.24"]
[Round "4.5"]
[White "Filippova, Darya"]
[Black "Zotova, Anastasia"]
[Result "1-0"]
[WhiteElo "1915"]
[BlackElo "2160"]
[Annotator "NA"]
[PlyCount "57"]
[EventDate "2021.04.21"]
[EventType "swiss"]
[EventCountry "RUS"]
[SourceTitle "playchess.com"]
[Source "ChessBase"]
[SourceQuality "1"]
[TimeControl "40/5400+30:1800+30"]

1. c4 {[%emt 0:00:00]} c5 {[%emt 0:00:00]} 2. Nc3 {[%emt 0:00:11]} Nc6 3. g3 {[%emt 0:00:09]} g6 {[%emt 0:00:00]} 4. Bg2 {[%emt 0:00:07]} Bg7 {[%emt 0:00:00]} 5. e3 {[%emt 0:04:15]} e5 {[%emt 0:00:10]} 6. Nge2 {[%emt 0:01:16]} Nge7 {[%emt 0:00:13]} 7. d3 {[%emt 0:03:11]} O-O {[%emt 0:00:11]} 8. O-O {[%emt 0:00:10]} d6 {[%emt 0:00:17]} 9. Nd5 {[%emt 0:01:12]} Be6 {[%emt 0:01:11]} 10. Nec3 {[%emt 0:00:15]} Rb8 {[%emt 0:02:40]} 11. Bd2 {[%emt 0:15:27]} a6 {[%emt 0:03:48]} 12. a4 {[%emt 0:02:40]} Bxd5 {[%emt 0:03:35]} 13. Nxd5 {[%emt 0:02:13]} Nxd5 {[%emt 0:01:13]} 14. cxd5 {[%emt 0:02:36]} Ne7 {[%emt 0:00:13]} 15. b4 {[%emt 0:03:06]} e4 {[%emt 0:03:46]} 16. dxe4 {[%emt 0:03:57]} Bxa1 {[%emt 0:01:14]} 17. Qxa1 {[%emt 0:00:03]} f6 {[%emt 0:06:42]} 18. Bc3 {[%emt 0:02:53]} Kg7 {[%emt 0:01:13]} 19. bxc5 {[%emt 0:01:59]} dxc5 {[%emt 0:00:16]} 20. e5 {[%emt 0:01:15]} Nf5 {[%emt 0:04:27]} 21. exf6+ {[%emt 0:01:31]} Kf7 {[%emt 0:00:50]} 22. e4 {[%emt 0:03:44]} Nd4 {[%emt 0:00:46]} 23. Bxd4 {[%emt 0:01:59]} cxd4 {[%emt 0:00:09]} 24. e5 Qb6 {[%emt 0:00:51]} 25. Rb1 {[%emt 0:03:59]} Qc5 {[%emt 0:01:46]} 26. Rc1 {[%emt 0:00:12]} Qb4 {[%emt 0:01:14]} 27. Rc7+ {[%emt 0:00:11]} Ke8 {[%emt 0:00:15]} 28. Qc1 {[%emt 0:01:49]} Kd8 {[%emt 0:00:46]} 29. Bh3 {[%emt 0:00:48]} 1-0

[Event "RUS-ch Girls U21 2021"]
[Site "Loo"]
[Date "2021.04.24"]
[Round "4.6"]
[White "Garmash, Aliona"]
[Black "Koroleva, Evgeniya"]
[Result "1-0"]
[WhiteElo "2120"]
[BlackElo "1884"]
[Annotator "NA"]
[PlyCount "69"]
[EventDate "2021.04.21"]
[EventType "swiss"]
[EventCountry "RUS"]
[SourceTitle "playchess.com"]
[Source "ChessBase"]
[SourceQuality "1"]
[TimeControl "40/5400+30:1800+30"]

1. d4 {[%emt 0:00:00]} d5 {[%emt 0:00:00]} 2. Nf3 {[%emt 0:00:00]} Nf6 {[%emt 0:00:00]} 3. c4 {[%emt 0:00:00]} dxc4 {[%emt 0:00:00]} 4. e3 {[%emt 0:00:00]} e6 {[%emt 0:00:00]} 5. Bxc4 {[%emt 0:00:00]} a6 {[%emt 0:00:00]} 6. O-O {[%emt 0:00:00]} Nbd7 {[%emt 0:00:00]} 7. a4 {[%emt 0:00:09]} c5 {[%emt 0:00:01]} 8. Nc3 {[%emt 0:00:13]} Qc7 {[%emt 0:00:26]} 9. Qe2 {[%emt 0:00:07]} Bd6 {[%emt 0:01:46]} 10. Rd1 {[%emt 0:00:38]} O-O {[%emt 0:00:08]} 11. h3 {[%emt 0:00:05]} b6 {[%emt 0:00:05]} 12. d5 {[%emt 0:01:32]} Ne5 {[%emt 0:00:08]} 13. Nxe5 {[%emt 0:01:06]} Bxe5 {[%emt 0:00:06]} 14. dxe6 Bxe6 15. Bxa6 {[%emt 0:30:38]} Bxc3 {[%emt 0:05:28]} 16. bxc3 Bb3 {[%emt 0:00:08]} 17. Re1 {[%emt 0:02:37]} c4 {[%emt 0:01:37]} 18. Bb5 {[%emt 0:01:43]} Ne4 {[%emt 0:00:20]} 19. Ba3 {[%emt 0:14:01]} Rfd8 {[%emt 0:01:05]} 20. Bb4 {[%emt 0:18:21]} f5 {[%emt 0:00:16]} 21. Qf3 {[%emt 0:01:18]} Rd5 {[%emt 0:03:57]} 22. Qf4 {[%emt 0:03:44]} Qc8 {[%emt 0:00:09]} 23. f3 {[%emt 0:02:15]} g5 {[%emt 0:25:52]} 24. fxe4 {[%emt 0:11:50]} gxf4 {[%emt 0:00:18]} 25. exd5 {[%emt 0:00:02]} f3 {[%emt 0:11:40]} 26. gxf3 {[%emt 0:00:14]} Qd8 {[%emt 0:05:39]} 27. d6 {[%emt 0:01:11]} Kh8 {[%emt 0:07:38]} 28. d7 {[%emt 0:07:19]} Qh4 {[%emt 0:06:30]} 29. Re2 {[%emt 0:00:25]} f4 {[%emt 0:09:18]} 30. exf4 {[%emt 0:00:55]} Qxh3 {[%emt 0:10:56]} 31. Rg2 {[%emt 0:01:00]} Qh4 {[%emt 0:01:04]} 32. Bd6 {[%emt 0:00:32]} h5 {[%emt 0:00:07]} 33. Be5+ {[%emt 0:00:11]} Kh7 {[%emt 0:00:04]} 34. Bc6 {[%emt 0:00:15]} Rg8 {[%emt 0:02:43]} 35. Be4+ {[%emt 0:00:08]} 1-0

[Event "RUS-ch Girls U21 2021"]
[Site "Loo"]
[Date "2021.04.24"]
[Round "4.7"]
[White "Pankova, Julia"]
[Black "Kochukova, Anna"]
[Result "1-0"]
[WhiteElo "1884"]
[BlackElo "2108"]
[Annotator "NA"]
[PlyCount "173"]
[EventDate "2021.04.21"]
[EventType "swiss"]
[EventCountry "RUS"]
[SourceTitle "playchess.com"]
[Source "ChessBase"]
[SourceQuality "1"]
[TimeControl "40/5400+30:1800+30"]

1. e4 {[%emt 0:00:00]} c5 {[%emt 0:00:00]} 2. Nf3 {[%emt 0:00:00]} e6 {[%emt 0:00:00]} 3. d4 {[%emt 0:00:00]} cxd4 {[%emt 0:00:07]} 4. Nxd4 {[%emt 0:00:00]} Nc6 {[%emt 0:00:44]} 5. Nc3 {[%emt 0:00:11]} a6 {[%emt 0:00:13]} 6. Be2 {[%emt 0:00:25]} Qc7 {[%emt 0:00:12]} 7. O-O {[%emt 0:00:11]} Nf6 {[%emt 0:01:46]} 8. Be3 {[%emt 0:00:15]} b5 {[%emt 0:01:02]} 9. Nxc6 {[%emt 0:00:24]} dxc6 {[%emt 0:00:38]} 10. f4 {[%emt 0:00:13]} Be7 {[%emt 0:09:50]} 11. e5 {[%emt 0:00:21]} Nd5 {[%emt 0:00:24]} 12. Nxd5 {[%emt 0:00:06]} cxd5 {[%emt 0:00:28]} 13. Qd4 {[%emt 0:08:48]} O-O {[%emt 0:07:43]} 14. c3 {[%emt 0:07:45]} Bd7 {[%emt 0:02:02]} 15. b4 {[%emt 0:07:37]} f6 {[%emt 0:06:24]} 16. Bd3 {[%emt 0:31:15]} Rac8 {[%emt 0:01:00]} 17. Rac1 {[%emt 0:00:22]} Qb8 {[%emt 0:01:15]} 18. Rf3 {[%emt 0:06:20]} Bd8 {[%emt 0:15:53]} 19. Rh3 {[%emt 0:01:11]} g6 {[%emt 0:00:43]} 20. Bc2 {[%emt 0:09:23]} Be8 {[%emt 0:06:32]} 21. Qd2 {[%emt 0:09:36]} fxe5 {[%emt 0:03:15]} 22. fxe5 {[%emt 0:00:06]} Qxe5 {[%emt 0:01:18]} 23. Bd4 {[%emt 0:00:55]} Qg5 {[%emt 0:03:16]} 24. Qe1 {[%emt 0:04:28]} Rc6 {[%emt 0:01:54]} 25. Rg3 {[%emt 0:01:04]} Qh4 {[%emt 0:01:56]} 26. Qe2 {[%emt 0:07:10]} Bb6 {[%emt 0:04:19]} 27. Bxb6 {[%emt 0:00:57]} Rxb6 {[%emt 0:00:01]} 28. Re1 {[%emt 0:00:36]} Rc6 {[%emt 0:01:48]} 29. Re3 {[%emt 0:01:02]} Bd7 {[%emt 0:04:13]} 30. a4 {[%emt 0:01:48]} Rcc8 {[%emt 0:02:02]} 31. a5 {[%emt 0:01:49]} Rf6 {[%emt 0:01:13]} 32. Rh3 {[%emt 0:01:04]} Qc4 {[%emt 0:01:41]} 33. Qe3 {[%emt 0:00:17]} Rcf8 {[%emt 0:01:04]} 34. Rf3 {[%emt 0:00:43]} Rxf3 {[%emt 0:00:48]} 35. gxf3 {[%emt 0:00:05]} Qf4 {[%emt 0:08:36]} 36. Kg2 {[%emt 0:00:47]} Qxe3 {[%emt 0:00:39]} 37. Rxe3 {[%emt 0:00:04]} Rc8 {[%emt 0:00:03]} 38. Bb3 {[%emt 0:00:34]} Kf7 {[%emt 0:00:20]} 39. f4 {[%emt 0:00:18]} Kf6 {[%emt 0:02:03]} 40. h4 {[%emt 0:00:00]} Rd8 {[%emt 0:00:00]} 41. Kf2 {[%emt 0:08:16]} Bc8 {[%emt 0:02:56]} 42. Ke2 {[%emt 0:04:40]} Rd6 {[%emt 0:04:05]} 43. Re5 {[%emt 0:03:55]} Rd8 {[%emt 0:02:51]} 44. Ke3 {[%emt 0:01:36]} Ke7 {[%emt 0:00:19]} 45. Bc2 {[%emt 0:01:44]} Bd7 {[%emt 0:03:00]} 46. Bd3 {[%emt 0:05:33]} Rc8 {[%emt 0:03:28]} 47. Kd4 {[%emt 0:00:19]} Rf8 {[%emt 0:00:00]} 48. Ke3 {[%emt 0:00:15]} Be8 {[%emt 0:00:00]} 49. Rg5 {[%emt 0:01:12]} Kf6 {[%emt 0:03:39]} 50. Re5 {[%emt 0:01:25]} h6 {[%emt 0:00:33]} 51. Kd4 {[%emt 0:00:29]} Ke7 {[%emt 0:02:17]} 52. Ke3 {[%emt 0:00:09]} Kd6 {[%emt 0:00:17]} 53. Bb1 {[%emt 0:00:59]} Rh8 {[%emt 0:01:13]} 54. Kd4 {[%emt 0:00:37]} Bf7 {[%emt 0:04:15]} 55. Bd3 {[%emt 0:01:16]} Ke7 {[%emt 0:04:21]} 56. Ke3 {[%emt 0:01:01]} Kf6 {[%emt 0:00:13]} 57. Kd4 {[%emt 0:00:21]} Rc8 {[%emt 0:00:58]} 58. Be2 {[%emt 0:00:29]} Be8 {[%emt 0:00:41]} 59. Rxe6+ {[%emt 0:04:06]} Kf5 {[%emt 0:00:06]} 60. Rxa6 {[%emt 0:00:33]} Kxf4 {[%emt 0:00:19]} 61. Rb6 {[%emt 0:01:24]} Kg3 {[%emt 0:00:12]} 62. h5 {[%emt 0:00:19]} gxh5 {[%emt 0:00:16]} 63. Bxb5 {[%emt 0:01:32]} Bxb5 {[%emt 0:01:45]} 64. Rxb5 {[%emt 0:00:04]} h4 {[%emt 0:01:39]} 65. Rxd5 {[%emt 0:00:21]} Kg4 {[%emt 0:02:31]} 66. a6 {[%emt 0:01:08]} h3 {[%emt 0:00:02]} 67. Ra5 {[%emt 0:00:24]} h2 {[%emt 0:03:13]} 68. Ra1 {[%emt 0:00:04]} Kf3 {[%emt 0:00:08]} 69. b5 {[%emt 0:00:29]} Ra8 {[%emt 0:01:50]} 70. c4 {[%emt 0:00:48]} h5 {[%emt 0:00:09]} 71. c5 {[%emt 0:00:39]} h4 {[%emt 0:00:01]} 72. c6 {[%emt 0:00:58]} h3 {[%emt 0:00:01]} 73. c7 {[%emt 0:00:27]} Kg2 {[%emt 0:00:04]} 74. Ra2+ {[%emt 0:00:40]} Kg1 {[%emt 0:00:10]} 75. Ra1+ {[%emt 0:00:27]} Kg2 {[%emt 0:00:02]} 76. Ra2+ {[%emt 0:00:01]} Kg3 {[%emt 0:00:03]} 77. Ra1 {[%emt 0:01:03]} Kg2 {[%emt 0:00:01]} 78. b6 {[%emt 0:00:31]} h1=Q {[%emt 0:01:42]} 79. Rxh1 {[%emt 0:00:07]} Kxh1 {[%emt 0:00:16]} 80. b7 {[%emt 0:00:07]} Rxa6 {[%emt 0:00:05]} 81. c8=Q {[%emt 0:00:40]} Ra4+ {[%emt 0:00:48]} 82. Kc3 {[%emt 0:00:55]} Ra3+ {[%emt 0:00:58]} 83. Kb2 {[%emt 0:00:10]} Rg3 {[%emt 0:00:39]} 84. b8=Q {[%emt 0:00:40]} h2 {[%emt 0:00:05]} 85. Qc1+ {[%emt 0:00:43]} Kg2 {[%emt 0:00:11]} 86. Qxg3+ {[%emt 0:00:13]} Kxg3 {[%emt 0:00:02]} 87. Qh1 {[%emt 0:00:07]} 1-0

[Event "RUS-ch Girls U21 2021"]
[Site "Loo"]
[Date "2021.04.24"]
[Round "4.8"]
[White "Grigorieva, Yulia"]
[Black "Stroganova, Karina"]
[Result "1-0"]
[WhiteElo "2236"]
[BlackElo "1731"]
[Annotator "NA"]
[PlyCount "59"]
[EventDate "2021.04.21"]
[EventType "swiss"]
[EventCountry "RUS"]
[SourceTitle "playchess.com"]
[Source "ChessBase"]
[SourceQuality "1"]
[TimeControl "40/5400+30:1800+30"]

1. e4 {[%emt 0:00:00]} e5 {[%emt 0:00:00]} 2. Nf3 {[%emt 0:00:00]} Nc6 {[%emt 0:00:00]} 3. Bb5 {[%emt 0:00:00]} Nd4 {[%emt 0:00:20]} 4. Nxd4 {[%emt 0:00:04]} exd4 {[%emt 0:00:06]} 5. O-O {[%emt 0:00:29]} Bc5 {[%emt 0:00:12]} 6. Bc4 {[%emt 0:00:35]} h5 {[%emt 0:00:23]} 7. d3 {[%emt 0:07:33]} c6 {[%emt 0:00:51]} 8. Bb3 {[%emt 0:03:26]} d6 {[%emt 0:02:06]} 9. f4 {[%emt 0:04:09]} Qe7 {[%emt 0:15:35]} 10. Nd2 {[%emt 0:03:41]} Bd7 {[%emt 0:05:28]} 11. Nf3 {[%emt 0:02:02]} O-O-O {[%emt 0:01:34]} 12. Bd2 {[%emt 0:06:26]} f6 {[%emt 0:06:41]} 13. a4 {[%emt 0:08:05]} Nh6 {[%emt 0:05:03]} 14. Bc4 {[%emt 0:04:41]} Bg4 {[%emt 0:05:16]} 15. b4 {[%emt 0:09:03]} d5 {[%emt 0:02:56]} 16. bxc5 {[%emt 0:08:56]} dxc4 {[%emt 0:00:20]} 17. Bb4 {[%emt 0:00:57]} c3 {[%emt 0:02:20]} 18. h3 {[%emt 0:03:24]} Be6 {[%emt 0:07:44]} 19. a5 {[%emt 0:04:23]} a6 {[%emt 0:00:30]} 20. Qe2 {[%emt 0:02:00]} g5 {[%emt 0:05:52]} 21. fxg5 {[%emt 0:11:31]} fxg5 {[%emt 0:00:09]} 22. Nxd4 {[%emt 0:01:55]} Rxd4 {[%emt 0:01:32]} 23. Bxc3 {[%emt 0:00:05]} Qxc5 {[%emt 0:00:27]} 24. Bxd4 {[%emt 0:00:14]} Qxd4+ {[%emt 0:00:07]} 25. Qf2 {[%emt 0:01:25]} Qd6 {[%emt 0:20:14]} 26. Rab1 {[%emt 0:05:42]} Bxh3 {[%emt 0:12:42]} 27. Qa7 {[%emt 0:07:31]} Kd7 {[%emt 0:00:49]} 28. Rxb7+ {[%emt 0:01:04]} Ke6 {[%emt 0:00:05]} 29. e5 {[%emt 0:01:11]} Kxe5 {[%emt 0:01:19]} 30. Qe3+ {[%emt 0:00:13]} 1-0